Beznadziejnie Narysowane Flagi Państw Świata - Statystyki

Ogólne statystyki
  • Ten quiz został rozwiązany 512 razy
  • Średni wynik to 10 z 12
Statystyki odpowiedzi
Obrazkowy Odpowiedź % Poprawnych
Katar
97%
Polska
96%
Kanada
95%
Macedonia Północna
95%
Wielka Brytania
95%
Kuba
92%
Madagaskar
89%
Bangladesz
88%
Saint Lucia
81%
Benin
77%
Samoa
74%
Vanuatu
68%
Nie znaleziono quizów pasujących do podanych kryteriów
Rozkład punktacji
Procent ludzi z każdym wynikiem
Percentyl według liczby udzielonych odpowiedzi
Twoja historia wyników
Nie rozwiązałeś tego quizu